Reestructuración productiva, mercado de trabajo y sindicatos en América Latina /
Kaydedildi:
| Yazar: | |
|---|---|
| Materyal Türü: | Metin |
| Baskı/Yayın Bilgisi: |
Buenos Aires:
CLACSO. ASDI
|
| Etiketler: |
Etiketle
Etiket eklenmemiş, İlk siz ekleyin!
|
MARC
| LEADER | 00000 a a2200000 04500 | ||
|---|---|---|---|
| 001 | 12222 | ||
| 003 | |||
| 040 | |a CRAI/IIS |c CRAI/IIS | ||
| 090 | |a 142303 | ||
| 100 | |a Garza Toledo, Enrique de la | ||
| 245 | |a Reestructuración productiva, mercado de trabajo y sindicatos en América Latina / |c Enrique de la Garza Toledo | ||
| 260 | |a Buenos Aires: |b CLACSO. ASDI | ||
| 300 | |a 198 p. | ||
| 300 | |b **no definido** | ||
| 500 | |a Disponible en Cd, en No. 194104 | ||
| 999 | |c 5531 |d 5531 | ||
